The Joy of the Gospel (Record no. 119378)
[ view plain ]
| 000 -LEADER | |
|---|---|
| fixed length control field | 00614nam a22001457a 4500 |
| 008 - FIXED-LENGTH DATA ELEMENTS--GENERAL INFORMATION | |
| fixed length control field | 131219b xxu||||| |||| 00| 0 eng d |
| 020 ## - INTERNATIONAL STANDARD BOOK NUMBER | |
| International Standard Book Number | 9966087923 |
| 050 ## - LIBRARY OF CONGRESS CALL NUMBER | |
| Classification number | BX870.E8 2005 |
| 100 ## - MAIN ENTRY--PERSONAL NAME | |
| Personal name | Francis I |
| 9 (RLIN) | 6043 |
| 245 ## - TITLE STATEMENT | |
| Title | The Joy of the Gospel |
| Remainder of title | Apostolic exhortation evangelii gaudium of the Holy Farther Francis to the bishops, clergy, consecrated persons and the lay faithful on the proclamation of the gospel in today;s world / |
| Statement of responsibility, etc | Francis I |
| 260 ## - PUBLICATION, DISTRIBUTION, ETC. (IMPRINT) | |
| Place of publication, distribution, etc | Nairobi |
| Name of publisher, distributor, etc | Paulines Publications Africa |
| Date of publication, distribution, etc | 2013 |
| 300 ## - PHYSICAL DESCRIPTION | |
| Extent | 144p.; |
| Dimensions | 21cm. |
| 440 ## - SERIES STATEMENT/ADDED ENTRY--TITLE | |
| Title | The Pope Speaks Series |
| Number of part/section of a work | No. 50 |
| 9 (RLIN) | 6044 |
| 942 ## - ADDED ENTRY ELEMENTS (KOHA) | |
| Source of classification or shelving scheme | Library of Congress Classification |
| Item type | Monograph ( Printed materials) |
| Koha issues (borrowed), all copies | 9 |
| Withdrawn status | Lost status | Source of classification or shelving scheme | Damaged status | Not for loan | Home library | Current library | Shelving location | Date acquired | Total Checkouts | Full call number | Barcode | Date last seen | Date last borrowed | Price effective from | Koha item type | Collection code |
|---|---|---|---|---|---|---|---|---|---|---|---|---|---|---|---|---|
| Library of Congress Classification | ARRUPE LIBRARY | ARRUPE LIBRARY | Main Collection | 19/12/2013 | 9 | BX870.2013 A3 E8 | 464122582 | 22/11/2017 | 21/07/2017 | 19/12/2013 | Monograph ( Printed materials) | |||||
| Library of Congress Classification | ARRUPE LIBRARY | ARRUPE LIBRARY | Main Collection | 31/12/2014 | 2 | BX870.2013 A3 E8 | 464122588 | 22/11/2017 | 24/02/2016 | 31/12/2014 | Monograph ( Printed materials) | Main Collection |